Corduroy / (Record no. 20928)
[ view plain ]
| 000 -LEADER | |
|---|---|
| fixed length control field | 01021cam a2200289Ia 4500 |
| 001 - CONTROL NUMBER | |
| control field | 25489539 |
| 003 - CONTROL NUMBER IDENTIFIER | |
| control field | OCoLC |
| 005 - DATE AND TIME OF LATEST TRANSACTION | |
| control field | 20180621134105.0 |
| 008 - FIXED-LENGTH DATA ELEMENTS--GENERAL INFORMATION | |
| fixed length control field | 920317s1990 nyua j 000 1 spa d |
| 020 ## - INTERNATIONAL STANDARD BOOK NUMBER | |
| International Standard Book Number | 0590441949 (pbk.) : |
| Terms of availability | $15.00 |
| 020 ## - INTERNATIONAL STANDARD BOOK NUMBER | |
| International Standard Book Number | 9780590441940 (pbk.) |
| 040 ## - CATALOGING SOURCE | |
| Original cataloging agency | BPL |
| Transcribing agency | BPL |
| Modifying agency | TMI |
| -- | OCL |
| -- | OCLCQ |
| -- | JRS |
| 041 ## - LANGUAGE CODE | |
| Language code of text/sound track or separate title | spa |
| Language code of original | eng |
| 050 00 - LIBRARY OF CONGRESS CALL NUMBER | |
| Classification number | PZ74.9.F85 |
| Item number | Co 1990 |
| 100 1# - MAIN ENTRY--PERSONAL NAME | |
| Personal name | Freeman, Don, |
| Dates associated with a name | 1908-1978. |
| 245 10 - TITLE STATEMENT | |
| Title | Corduroy / |
| Statement of responsibility, etc. | escrito e ilustrado por Don Freeman. |
| 250 ## - EDITION STATEMENT | |
| Edition statement | Ed. espanola. |
| 260 ## - PUBLICATION, DISTRIBUTION, ETC. (IMPRINT) | |
| Place of publication, distribution, etc. | New York : |
| Name of publisher, distributor, etc. | Scholastic Inc., |
| Date of publication, distribution, etc. | c1990. |
| 300 ## - PHYSICAL DESCRIPTION | |
| Extent | 32 p. : |
| Other physical details | col. ill. ; |
| Dimensions | 19 x 23 cm. |
| 500 ## - GENERAL NOTE | |
| General note | Translation of: Corduroy. |
| 500 ## - GENERAL NOTE | |
| General note | "Published ... by arrangement with Viking Penguin ..."--T.p. verso. |
| 520 ## - SUMMARY, ETC. | |
| Summary, etc. | A toy bear in a department store wants a number of things, but when a little girl finally buys him he finds what he has always wanted most of all. |
| 650 #1 - SUBJECT ADDED ENTRY--TOPICAL TERM | |
| Topical term or geographic name as entry element | Spanish language materials. |
| 650 #1 - SUBJECT ADDED ENTRY--TOPICAL TERM | |
| Topical term or geographic name as entry element | Bears |
| Form subdivision | Fiction. |
| 650 #1 - SUBJECT ADDED ENTRY--TOPICAL TERM | |
| Topical term or geographic name as entry element | Toys |
| Form subdivision | Fiction. |
| 942 ## - ADDED ENTRY ELEMENTS (KOHA) | |
| Koha item type | Libro/Book |
| Withdrawn status | Lost status | Source of classification or shelving scheme | Damaged status | Not for loan | Home library | Current library | Date acquired | Total Checkouts | Barcode | Date last seen | Date checked out | Price effective from | Koha item type |
|---|---|---|---|---|---|---|---|---|---|---|---|---|---|
| Dewey Decimal Classification | Sevadilla -- Satellite | San Juan Del Sur -- Biblioteca | 14/05/2019 | 1 | 35400148 | 28/06/2023 | 25/05/2021 | 14/05/2019 | Libro/Book |